| 000 | 00704nam a22001577a 4500 | ||
|---|---|---|---|
| 003 | SGT | ||
| 020 | _a9788131313961 | ||
| 082 | _a510, RED | ||
| 100 | _aREDDY,R JAYAPRAKASH | ||
| 245 | _aA TEXTBOOK OF BUSINESS MATHEMATICS | ||
| 260 |
_aNEW DELHI _bA P H PUBLISHING CORPORATION _c2012 |
||
| 300 | _a540 | ||
| 650 | _aMATHEMATICS | ||
| 653 | _aFUNDAMENTALS OF ALGEBRA, LOGICAL STATEMENTS AND TRUTH TABLES, SET THEORY, FUNCTIONS AND RELATIONS, PROGRESSIONS, PERMUTATIONS COMBINATIONS AND BINOMIAL THEOREM, SUMMATION OF SERIES, MATRICES, ELEMENTS OF CO-ORDINATE GEO MENTRY, LIMITS, DIFFERENTIATION, PARTIAL DIFFERENTIATION, MAXIMA AND MINIMA, INTEGRATION, ELEMENTS OF OPERATION RESEARCH | ||
| 942 |
_2ddc _cFCM |
||
| 999 |
_c8864 _d8864 |
||